Tìm hiểu đại dương /

Gorde:
Xehetasun bibliografikoak
Egile nagusia: Phạm Nguyên Phẩm
Formatua: Sách giấy
Hizkuntza:Vietnamese
Argitaratua: Hà Nội : Giáo dục , 1998
Etiketak: Etiketa erantsi
Etiketarik gabe, Izan zaitez lehena erregistro honi etiketa jartzen!
Thư viện lưu trữ: Thư viện Trường Đại học Đà Lạt
LEADER 00559nam a2200241 4500
001 DLU020013738
005 ##6/20/2000
020 # # |a 978- 
041 # # |a vie 
082 # # |a 578.77  |b PH-P 
100 # # |a Phạm Nguyên Phẩm 
245 # # |a Tìm hiểu đại dương /  |c Phạm Nguyên Phẩm 
260 # # |a Hà Nội :  |b Giáo dục ,  |c 1998 
300 # # |a 144 tr.;   |c 21 cm. 
992 # # |a 6500 
994 # # |a DLU 
900 # # |a False 
911 # # |a Administrator 
925 # # |a G 
926 # # |a A 
927 # # |a SH 
980 # # |a Thư viện Trường Đại học Đà Lạt